00555nam a22001577a 450000500170000001000150001702000260003203500140005803700090007208200130008124500720009426001010016627000700026730000340033770000260037120251120122852.0 aENG-145531 a9789391490317c880.00 aEN-129063 bDBAD a958.12100aAnalysing the Current Afgan Context/cEdited By Neeraj Singh Manhas aNew DelhibKW Publishers KW Publishers in association with Centre for Land Warfare Studiesc2022 a4676/21, First Floor, Ansari Road, Daryaganj, bNew Delhie110002 axxiii, 149p.c24cm(Hb)bIndex aManhas, Neeraj Singh